| 000 | 00990nam a2200181Ia 4500 | ||
|---|---|---|---|
| 008 | 151202s9999||||xx |||||||||||||| ||und|| | ||
| 082 | _bPNVM-70367 | ||
| 100 | _a"मराठे भाऊ, परचुरे अप्पा - संकलन / फडके अरुण." | ||
| 245 | _aतुझिया जातीचा l मिळो आम्हां कोणी ll. | ||
| 260 | _b"परचुरे प्रकाशन मंदिर,मुंबई." | ||
| 260 | _c70367 | ||
| 300 | _a246 | ||
| 600 | _a"मराठे भाऊ, परचुरे अप्पा - संकलन / फडके अरुण." | ||
| 630 | _aतुझिया जातीचा l मिळो आम्हां कोणी ll. | ||
| 700 | _a"मराठे भाऊ, परचुरे अप्पा - संकलन / फडके अरुण." | ||
| 730 | _aतुझिया जातीचा l मिळो आम्हां कोणी ll. | ||
| 942 | _cBOOK | ||
| 999 |
_c1336876 _d1336873 |
||